Missing Word: Forrest Gump Soundtrack Quiz Stats

Quiz Updated Jan 19, 2016

Challenge
Share
Tweet
Embed
Score 0/20 Timer 04:00
1 Play Today
Song Missing Word % Correct
Sweet Home ____Alabama
99.3%
Hound ____Dog
94.7%
For What It's ____Worth
94.6%
Break On Through (To The Other ____)Side
92.9%
Go ____ Own WayYour
92.9%
On The ____ AgainRoad
92.2%
I Can't ____ Myself (Sugar Pie Honey Bunch)Help
88.4%
____ Keep Fallin' On My HeadRaindrops
88%
California ____Dreamin'
86.9%
Mrs. ____Robinson
81.8%
Song Missing Word % Correct
____ To The WorldJoy
80.5%
All ____ The WatchtowerAlong
75.4%
____ Are StrangePeople
74.6%
Fortunate ____Son
72%
____ BirdFree
64.3%
Against The ____Wind
58.8%
Get Down ____Tonight
44.8%
Lovesick ____Blues
41.6%
Rainy Day ____ #12 & 35Women
29.8%
____, I Love YouHello
26.2%

Today's Daily Dose

You're not logged in!

Compare scores with friends on all Sporcle quizzes.
Join for Free
OR
Log In

You Might Also Like...

Show Comments

Extras

Top Quizzes Today


Score Distribution

Your Account Isn't Verified!

In order to create a playlist on Sporcle, you need to verify the email address you used during registration. Go to your Sporcle Settings to finish the process.

Report this User

Report this user for behavior that violates our Community Guidelines.

Details: